Prostějov. Prostějov - dějiny města ; 2 . - Prostějov. - 1999 [Rezension]
| Titel: | Prostějov. Prostějov - dějiny města ; 2 . - Prostějov. - 1999 [Rezension] |
|---|---|
| Verfasser: | |
| In: |
Matice Moravská (Brünn): Časopis Matice Moravské, Band 120 (2001), Seite 275-278 alle Artikel anzeigen |
| Veröffentlicht: | 2001 |
| Format: | Aufsatz |
| Sprache: | Keine Angabe |
X
alg: 39516452 001A $01999:12-11-16 001B $01999:09-08-21 $t17:41:40.000 001D $01999:12-11-16 001U $0utf8 001X $00 002@ $0Aox 003@ $0395164524 007A $0395164524 $aHEB 007T $0Herdp27955 010@ $axxx 011@ $a2001 021A $aProstějov. Prostějov - dějiny města ; 2 . - Prostějov. - 1999 [Rezension] 028A $aPapajík $dDavid 031A $d120 $h275-278 $j2001 039B $aIn $8--Abvc--Matice Moravská$gBrünn [Tb1]. Časopis Matice Moravské. - Brno, 1869-. - ISSN 0323-052X $x200100001200000725 $9047461179 039T $8--Afu--Prostějov [Tg1]. Prostějov - dějiny města ; 2. - Vyd. 1.. - Prostějov, 1999. - 263 S.. - zahlr. Ill.. - ISBN 80-238-4511-X $9099532433 045F $a900.94371 $eDDC23BSB 045F/01 $a900 045F/03 $g4371 045T $a8 lok: 39516452 78 exp: 39516452 78 1 #EPN 201B/01 $026-11-17 $t04:02:32.000 201U/01 $0utf8 203@/01 $0791470156 208@/01 $a12-11-16 $be 209A/01 $a/ $f000 $x00 220C/01 $aHerkunft: Hú Av Čr Praha 244Z/01 $#Tschechien $#Tschechische Republik $#Tschechische Republik $#Tschechenland $#Tschechei Tschechien $#Česká Republika $#Czech Republic $#ČR $74303381-7 $8--Tg1--Tschechien $x01 $9086659812 244Z/01 $2Trx $#Böhmen $#Bohemia $#Czechy $8--Trx--Čechy $x02 $9391188941 244Z/01 $2Trx $#arvustused $#recenzijos $#Reviews $#recenziók $#recenzje $#recenzie $#recenze $8--Trx--Rezensionen $x03 $9391357441 247C/01 $82080>Marburg/Lahn, Herder-Institut, Forschungsbibliothek, Bibliographieportal $9336309341
| LEADER | 00000caa a22000002c 4500 | ||
|---|---|---|---|
| 001 | 395164524 | ||
| 003 | DE-603 | ||
| 005 | 20210809174140.0 | ||
| 007 | tu | ||
| 008 | 161112s2001 xx |||| | u00||u|xxx c | ||
| 035 | |a (DE-599)HEB395164524 | ||
| 040 | |a DE-603 |b ger |c DE-603 |d DE-603 | ||
| 041 | |a xxx | ||
| 082 | 0 | 4 | |8 1\u |a 900.94371 |q DE-101 |2 23/BSB |
| 084 | |a 8 |2 ssgn | ||
| 085 | |8 1\u |b 900 | ||
| 085 | |8 1\u |z 2 |s 4371 | ||
| 100 | 1 | |a Papajík, David | |
| 245 | 0 | 0 | |a Prostějov. Prostějov - dějiny města ; 2 . - Prostějov. - 1999 [Rezension] |
| 264 | 0 | |c 2001 | |
| 773 | 0 | 8 | |i In |a Matice Moravská (Brünn) |t Časopis Matice Moravské |d Brno, 1869- |x 0323-052X |g Band 120 (2001), Seite 275-278 |w (DE-603)047461179 |w (DE-600)282647-1 |
| 787 | 0 | 8 | |i Rezension von |a Prostějov |t Prostějov - dějiny města ; 2 |b Vyd. 1. |d Prostějov, 1999 |h 263 S., zahlr. Ill. |z 802384511X |w (DE-603)099532433 |
| 924 | 0 | |9 2080 |a (DE-603)791470156 |b DE-2080 |c HES |d d |g / | |


